ASP.NET 3.5 Social Networking (Record no. 328730)

MARC details
000 -LEADER
fixed length control field 00561nam a2200169Ia 4500
008 - FIXED-LENGTH DATA ELEMENTS--GENERAL INFORMATION
fixed length control field 230718s9999 xx 000 0 und d
020 ## - INTERNATIONAL STANDARD BOOK NUMBER
International Standard Book Number 9788184046724
041 ## - LANGUAGE CODE
Language code of text/sound track or separate title eng
082 ## - DEWEY DECIMAL CLASSIFICATION NUMBER
Classification number 005.678
Item number SIE
100 ## - MAIN ENTRY--PERSONAL NAME
Personal name Siemer A.
9 (RLIN) 192549
245 ## - TITLE STATEMENT
Title ASP.NET 3.5 Social Networking
Remainder of title An Expert Guide To Building Enterprise-Ready Social Networking And Communicty Applications With ASP.NET 3.5
260 ## - PUBLICATION, DISTRIBUTION, ETC. (IMPRINT)
Date of publication, distribution, etc. 2010
Name of publisher, distributor, etc. Packt Pub/SPD
300 ## - PHYSICAL DESCRIPTION
Extent 556
365 ## - TRADE PRICE
Currency code Rs.
Price amount 550.00
700 ## - ADDED ENTRY--PERSONAL NAME
Personal name Siemer A.
9 (RLIN) 192549
906 ## - LOCAL DATA ELEMENT F, LDF (RLIN)
d O:0210727-Sep-2011B:880504-Aug-2011
c COMP
b 137.5
Holdings
Withdrawn status Lost status Damaged status Not for loan Home library Current library Date acquired Vendor Budget Code Cost, normal purchase price Bill number Total Checkouts Full call number Barcode Date last seen Discount Cost, replacement price Bill Date Koha item type Original Barcode
        Cummins College of Engineering for Women Pune Cummins College of Engineering for Women Pune 27/09/2011 Technical Book Services COMP 412.50 8805   005.678 CCEP-BK-39937 18/07/2023 137.5 550.00 04/08/2011 Books 039937